Tirra Lirra by the river /

Bibliographic Details
Main Author: Anderson, Jessica, 1916-2010
Format: Book
Language:English
Published: Harmondsworth, Middlesex, England ; New York, N.Y. : Penguin Books, 1984

MARC

Tag First Indicator Second Indicator Subfields
LEADER 00000cam a2200000 a 4500
001 in00000007184
005 20151218101949.0
008 830624s1984 enk 00011 eng
010 |a  83013164  
020 |a 0140069453 (U.S. : pbk.) :  |c $4.95 
035 |a (OCoLC)09686458 
035 |9 AAA1658AM 
040 |a DLC  |c DLC  |d m/c  |d TXA  |d UtOrBLW 
049 |a TXAM  |c [A10755230] 
050 1 0 |a PR9619.3.A57  |b T5 1984 
082 0 |a 823  |2 19 
100 1 |a Anderson, Jessica,  |d 1916-2010. 
245 1 0 |a Tirra Lirra by the river /  |c Jessica Anderson. 
264 1 |a Harmondsworth, Middlesex, England ;  |a New York, N.Y. :  |b Penguin Books,  |c 1984 
264 4 |c ©1978 
300 |a 141 pages ;  |c 20 cm. 
336 |a text  |b txt  |2 rdacontent 
337 |a unmediated  |b n  |2 rdamedia 
338 |a volume  |b nc  |2 rdacarrier 
999 |a MARS 
999 f f |s 34d50746-2291-3fde-acfd-54f60630363e  |i 84df633e-875d-33f1-a663-42cd4477e604  |t 0 
952 f f |p ric  |a Texas A&M University  |b Rellis Campus  |c Joint Library Facility  |d Remote Storage  |t 0  |e PR9619.3.A57 T5 1984  |h Library of Congress classification  |i unmediated -- volume  |m A14810755230 
998 f f |a PR9619.3.A57 T5 1984  |t 0  |l Remote Storage